书目信息 |
| 书名: | Modern English for Chinese students | |
| 作者: | A. R. B.Etherton. | |
| 分册号: | ||
| 分册名: | 出版地: | Hong Kong : |
|
| 出版社: | Longman | |
| 出版时间: | 1968-69. | |
| 页数: | 60p. ; | |
| 开本: | 22 cm. : | |
| 丛书名: | ||
| 中图分类号: | ||
| 科图分类号: | ||
| 其他分类号: | H31 | |
| 主题词: | ||
| 电子资源: | ||
| 000 | 00716nam 2200217 a 4500 | |
| 001 | E0753782351 | |
| 005 | 20070301150222.68 | |
| 008 | 001 0 eng | |
| 008 | uu | |
| 020 | @cCNY1.20. | |
| 040 | @aNLC | |
| 049 | @aN5LA | |
| 090 | @a2-87/H319.4/E89//////263046-50/ book 1-5 | |
| 090 | @aH31 | |
| 096 | @aH319.4 @v2 | |
| 099 | @dH31@ex141:(1-3)(+) | |
| 100 | 1 | @aEtherton, A. R. B. |
| 245 | 10 | @aModern English for Chinese students / @cA. R. B.Etherton.@nworkbooks1-3 |
| 260 | @aHong Kong :@bLongman,@c1968-69. | |
| 300 | @a60p. ;@c22 cm. :@b00 ;@c20020930@lNLC09@h2244@lNLC09@h2231@lNLC09@h1823 :@b01 ;@c20030917@lNLC09@h0718 :@b01 ;@c20030917@lNLC09@h0718 | |
| 852 | 9 | @bWWJC @cJ08N @k2-87 @hH319.4 @iE89 |
| Modern English for Chinese students / / A. R. B.Etherton.. workbooks1-3.-Hong Kong : : Longman, , 1968-69. |
| 60p. ; ; 22 cm. : : 00 ; ; 20020930 : 01 ; ; 20030917 : 01 ; ; 20030917 |
| ISBN CNY1.20. |
| ● |
| 相关链接 |
|
|
|
|
正题名:Modern English for Chinese students
索取号:H31/x141:(1-3)(+)
 
预约/预借
| 序号 | 登录号 | 条形码 | 馆藏地/架位号 | 状态 | 备注 |
| 1 | 114256 | 001038219 | 第四借阅区/ [索取号:H31/x141:(1-3)(+)] | 在馆 | |
| 2 | 114257 | 001038095 | 第四借阅区/ [索取号:H31/x141:(1-3)(+)] | 在馆 | |
| 3 | 114258 | 001038068 | 第四借阅区/ [索取号:H31/x141:(1-3)(+)] | 在馆 | |
| 4 | 114259 | 001038059 | 第四借阅区/ [索取号:H31/x141:(1-3)(+)] | 在馆 | |
| 5 | 114260 | 001038022 | 第四借阅区/ [索取号:H31/x141:(1-3)(+)] | 在馆 | |
| 6 | 114261 | 001037960 | 密集书库/ [索取号:H31/x141:(1-3)(+)] | 在馆 | |
| 7 | 114262 | 001038013 | 密集书库/ [索取号:H31/x141:(1-3)(+)] | 在馆 | |
| 8 | 114263 | 001038004 | 密集书库/ [索取号:H31/x141:(1-3)(+)] | 在馆 | |
| 9 | 114264 | 001037997 | 密集书库/ [索取号:H31/x141:(1-3)(+)] | 在馆 | |
| 10 | 114265 | 001038148 | 密集书库/ [索取号:H31/x141:(1-3)(+)] | 在馆 | |
| 11 | 131309 | 001038031 | 密集书库/ [索取号:H31/x141:(1-3)(+)] | 在馆 | |
| 12 | 131310 | 001038077 | 密集书库/ [索取号:H31/x141:(1-3)(+)] | 在馆 | |
| 13 | 131311 | 001038111 | 密集书库/ [索取号:H31/x141:(1-3)(+)] | 在馆 | |
| 14 | 131312 | 001038139 | 密集书库/ [索取号:H31/x141:(1-3)(+)] | 在馆 | |
| 15 | 131313 | 001038102 | 密集书库/ [索取号:H31/x141:(1-3)(+)] | 在馆 |